Statistics for Turn It Down OR3O Lyrics

Click here to take the quiz!

General Stats

  • This quiz has been taken 29 times
  • The average score is 256 of 342

Answer Stats

Lyric% Correct
did
100%
do
100%
a
83%
A
83%
about
83%
act.
83%
all
83%
all.
83%
always
83%
And
83%
and
83%
any
83%
back.
83%
bright?
83%
Bruno
83%
burning
83%
but
83%
by
83%
can
83%
candle
83%
Candle,
83%
could
83%
crack
83%
cracks,
83%
cracks.
83%
crowd.
83%
day.
83%
day?
83%
dismay.
83%
Don't
83%
don't
83%
doors
83%
down?
83%
even
83%
every
83%
Everything
83%
everything
83%
fall,
83%
fall
83%
family
83%
find
83%
fright.
83%
future
83%
give
83%
hear
83%
heard
83%
house
83%
I
83%
I'm
83%
in,
83%
in
83%
Is
83%
is
83%
it
83%
just
83%
keep
83%
light.
83%
listen
83%
loud.
83%
make
83%
might
83%
narrow
83%
Need
83%
never
83%
no
83%
no,
83%
noise
83%
not
83%
Not
83%
now.
83%
now,
83%
of
83%
Oh,
83%
Oh
83%
okay.
83%
other
83%
people
83%
please
83%
right
83%
right.
83%
say
83%
sick
83%
So,
83%
So
83%
someone
83%
speeding
83%
that
83%
The
83%
the
83%
then
83%
they
83%
They
83%
things
83%
this
83%
though
83%
through
83%
Through
83%
to
83%
track.
83%
turn
83%
unless
83%
Unless
83%
wanna
83%
want
83%
way
83%
we
83%
What
83%
whispers
83%
wish
83%
won't
83%
you
83%
alright.
67%
answer
67%
are
67%
be
67%
blue
67%
break
67%
call.
67%
call?
67%
casa's
67%
Clear
67%
coming
67%
decay.
67%
disappear.
67%
end
67%
fear.
67%
from
67%
future's
67%
halls.
67%
If
67%
losing
67%
Or
67%
or
67%
our
67%
prophecy
67%
rain,
67%
roar
67%
rumors
67%
secrets
67%
She
67%
she
67%
shine.
67%
sight?
67%
skies,
67%
spell.
67%
stick
67%
tell,
67%
them
67%
there.
67%
there
67%
There
67%
together
67%
too
67%
up
67%
walls.
67%
was
67%
we'll
67%
Why
67%
will
67%
your
67%
couldn't
50%
demise.
50%
fading
50%
her
50%
mouth
50%
my
50%
My
50%
out
50%
power's
50%
ruined
50%
scurry
50%
shut
50%
spite.
50%
tonight?
50%
anymore.
33%
at
33%
away.
33%
barely
33%
blessing
33%
can't
33%
draw
33%
everyone's
33%
fair.
33%
Feeling
33%
final
33%
going
33%
growing,
33%
hardly
33%
Heeding
33%
it's
33%
know
33%
like
33%
line
33%
on
33%
Only
33%
pressure's
33%
run
33%
shadow,
33%
sinking
33%
straw
33%
volume's
33%
what's
33%
crows.
17%

Score Distribution

Percentile by Number Answered

Percent of People with Each Score

Your Score History

You have not taken this quiz